| 000 | 00867nam a2200313 a 4500 | ||
|---|---|---|---|
| 001 | 3060012 | ||
| 005 | 20170822174942.0 | ||
| 008 | 960506s1995 enk 001 0 eng c | ||
| 010 | _a 96145247 | ||
| 020 | _a978-0-414-02571-4 | ||
| 040 |
_aMoSU-L _cBSU |
||
| 042 | _apcc | ||
| 043 | _ae-uk--- | ||
| 082 |
_222 _a346.015 WRA |
||
| 100 | 1 |
_aWragg, Tony. _914599 |
|
| 245 | 1 | 0 |
_aFamily law in a nutshell. _cby Tony Wragg. |
| 246 | 1 | 4 | _aFamily law |
| 246 | 1 | 8 | _aFamily |
| 250 | _a9th ed. | ||
| 260 |
_aLondon : _bSweet & Maxwell, _c2013. |
||
| 300 |
_axxiv,127 p. ; _c22 cm. |
||
| 440 | 0 |
_aNutshells _914600 |
|
| 500 | _aIncludes index. | ||
| 650 | 0 |
_aDomestic relations _zGreat Britain. _914601 |
|
| 658 | _aLaw | ||
| 700 | 1 |
_aCrowdy, Carol. _tFamily law in a nutshell. _914602 |
|
| 906 |
_a7 _bcbc _cpccunad _du _encip _f19 _gy-gencatlg |
||
| 942 |
_2ddc _cBK |
||
| 999 |
_c6759 _d6759 |
||